header

Media Composer 6. (Record no. 233243)

MARC details
000 -LEADER
fixed length control field 01229nam a2200325 a 4500
100 1# - MAIN ENTRY--AUTHOR NAME
Personal name Plummer, Mary.
245 10 - TITLE STATEMENT
Title Media Composer 6.
260 ## - PUBLICATION, DISTRIBUTION, ETC. (IMPRINT)
Place of publication Boston, Mass. :
Name of publisher Course Technology PTR,
Year of publication 2013.
300 ## - PHYSICAL DESCRIPTION
Number of Pages xviii, 454 p. :
Other physical details ill. (some col.).
490 1# - SERIES STATEMENT
Series statement Avid learning series
500 ## - GENERAL NOTE
General note Includes index.
650 #0 - SUBJECT ADDED ENTRY--TOPICAL TERM
Topical Term Motion pictures
856 40 - ELECTRONIC LOCATION AND ACCESS
Uniform Resource Identifier http://site.ebrary.com/lib/rucke/Doc?id=10529593

No items available.

© 2026 Rongo University
Contact us: librarian | system librarian | Rongo university